000 00289nam a2200145Ia 4500
100 _aMehta/Nirav
942 _cBK
366 _f20
245 _aMobile Web development
260 _bOreilly
_c2008
082 _a5.3
_bMEH
300 _a220
546 _aENGLISH
_cComputers
999 _c28565
_d28565